01501cam a2200229 45000010005000000100017000050200018000221000031000402450110000712500019001812640033002003000028002333360026002613370028002873380027003155040057003425200713003996500041011126500044011536500030011976500044012276455 a 2015038921 a97815695704560 aChodron, Thubten.d1950-e10aGood karma :bhow to create the causes of happiness and avoid the causes of suffering /cThubten Chodron. aFirst Edition. 1aBoulder :bShambhala,c2016. axii, 256 pages ;c23 cm atextbtxt2rdacontent aunmediatedbn2rdamedia avolumebnc2rdacarrier aIncludes bibliographical references (pages 255-256). aWhy do things happen the way they do in our lives? How do we create the causes for a happy life? The Buddhist practice of mind training gives us the answer to these questions: it involves overcoming our self-centered attitude and replacing it with an attitude that cherishes others. This, in turn, leads us to act in ways that naturally lead away from suffering and toward happiness-- in short, to create good karma. Thubten Chodron offers a commentary on one of the great Tibetan Buddhist poems, The Wheel of Sharp Weapons, which shows, clearly and practically, how to eliminate the causes of anxiety, fear, and depression and to create the causes of joyful liberation for oneself and all others. aReligion and Spirituality.vxyz2 0aHappinessxReligious aspectsxBuddhism. 0aReligious lifexBuddhism. 0aSufferingxReligious aspectsxBuddhism.